000 00399nam a22001457a 4500
003 OSt
005 20251208095501.0
008 251208b |||||||| |||| 00| 0 eng d
020 _a1854357360
040 _cMarshall Cavendish Corporation
050 _aE169.1 .A471 1995
245 _aAmerica in the 20th Century
260 _aNorth Bellmore
_bMarshall Cavendish Corporation
_c1995
942 _2ddc
_cBK
_n0
999 _c9877
_d9877